000
00223nam a2200097Ia 4500
001
796855
005
20250826170756.0
008
250824s9999 xx 000 0 und d
245
0
_a
beyaz diş
_c
jack london
260
_b
akvaryum
999
_c
796855
_d
796855